A basic guide to selling

Bibliographic Details
Main Author: Chia , Meng Ee
Format: Book
Published: Kuala Lumpur : Distributor , 2002
Subjects:

MARC

LEADER 00000cam a2200000 7i4500
001 0000017177
005 20080512.0
008 080512
020 |a 9676112402 
090 0 0 |a 658.81   |b CHI 
100 0 |a Chia , Meng Ee 
245 1 0 |a A basic guide to selling   |c Chia Meng Ee 
260 |a Kuala Lumpur :   |b Distributor ,   |c 2002 
650 0 |a Sales mangement   |x Handbooks , manuals , etc 
650 0 |a Selling   |x handbooks , manuals , etc 
999 |a 0000911462   |b Book   |c Adult Collection   |e Cawangan Bandar Tenggara 
999 |a 0001011737   |b Book   |c Adult Collection   |e Perbadanan Perpustakaan Awam Johor 
999 |a 0001011738   |b Book   |c Adult Collection   |e Perbadanan Perpustakaan Awam Johor 
999 |a 0001011739   |b Book   |c Adult Collection   |e Perbadanan Perpustakaan Awam Johor